[Event "GER-chT U20 Girls"]
[Site "Muenster"]
[Date "2022.12.29"]
[Round "5"]
[White "Hartmann, Hannah"]
[Black "Derling, Charlotte"]
[Result "0-1"]
[WhiteElo "1296"]
[BlackElo "1627"]
[PlyCount "114"]
[EventDate "2022.12.26"]
[EventType "team-swiss"]
[EventRounds "7"]
[EventCountry "GER"]
[SourceTitle "CBM 212 Extra"]
[Source "ChessBase"]
[SourceDate "2023.03.31"]
[SourceVersion "1"]
[SourceVersionDate "2023.03.31"]
[SourceQuality "1"]
[WhiteTeam "Landskrone"]
[BlackTeam "Halle USV"]
[WhiteTeamCountry "GER"]
[BlackTeamCountry "GER"]

1. e4 c5 2. Nc3 Nc6 3. g3 g6 4. Bg2 Bg7 5. f4 d6 6. d3 e5 7. Nf3 Nge7 8. Be3 Nd4 9. 0-0 0-0 10. h3 f5 11. Qd2 Nec6 12. Rad1 Nb4 13. Rc1 Be6 14. a3 Nbc6 15. Ne2 Rb8 16. Ng5 Qd7 17. Rcd1 Nxe2+ 18. Qxe2 exf4 19. Bxf4 Bxb2 20. exf5 Bxf5 21. Bd5+ Kh8 22. Be6 Bxe6 23. Qxe6 Qxe6 24. Nxe6 Rfe8 25. Bxd6 Rbc8 26. Nxc5 Bd4+ 27. Kh1 Re2 28. c4 Re3 29. Kg2 b6 30. Ne4 Ne5 31. Bxe5+ Bxe5 32. Rf3 Re2+ 33. Rf2 Rxf2+ 34. Nxf2 Bb2 35. a4 Rc5 36. Rd2 Bd4 37. Ne4 Re5 38. g4 Kg7 39. Kf3 Ra5 40. Ra2 a6 41. Ng5 Rxg5 42. Ke4 Bf6 43. d4 h5 44. Rg2 Ra5 45. Ra2 Kh6 46. Rb2 Bd8 47. Ra2 Kg5 48. d5 b5 49. c5 Rxa4+ 50. Rxa4 bxa4 51. d6 Kf6 52. Kd5 a3 53. c6 a2 54. c7 Bxc7 55. dxc7 a1Q 56. c8Q Qe5+ 57. Kc4 Qe6+ 0-1

[Event "GER-chT U20 Girls"]
[Site "Muenster"]
[Date "2022.12.27"]
[Round "2"]
[White "Hartmann, Hannah"]
[Black "Gietzelt, Magdalena"]
[Result "0-1"]
[WhiteElo "1296"]
[BlackElo "1165"]
[PlyCount "27"]
[EventDate "2022.12.26"]
[EventType "team-swiss"]
[EventRounds "7"]
[EventCountry "GER"]
[SourceTitle "CBM 212 Extra"]
[Source "ChessBase"]
[SourceDate "2023.03.31"]
[SourceVersion "1"]
[SourceVersionDate "2023.03.31"]
[SourceQuality "1"]
[WhiteTeam "Landskrone"]
[BlackTeam "Karlsruhe II"]
[WhiteTeamCountry "GER"]
[BlackTeamCountry "GER"]

1. e4 e5 2. Nf3 Nc6 3. Bc4 Nf6 4. Nc3 Bc5 5. d3 d6 6. Bg5 h6 7. Be3 b6 8. 0-0 Bg4 9. Bb5 Qd7 10. Nd5 a6 11. Bxc5 axb5 12. Nxf6+ gxf6 13. Be3 Rg8 14. Kh1 0-1

[Event "GER-chT U20 Girls"]
[Site "Willingen"]
[Date "2021.06.27"]
[Round "7.5"]
[White "Hartmann, Hannah"]
[Black "Ludwig, Lea"]
[Result "0-1"]
[WhiteElo "1327"]
[BlackElo "1222"]
[PlyCount "136"]
[EventDate "2021.06.23"]
[EventType "team-swiss"]
[EventRounds "7"]
[EventCountry "GER"]
[SourceTitle "CBM 203 Extra"]
[Source "ChessBase"]
[SourceDate "2021.09.30"]
[SourceVersion "1"]
[SourceVersionDate "2021.09.30"]
[SourceQuality "1"]
[WhiteTeam "Landskrone"]
[BlackTeam "Lichtenberg Borussia II"]
[WhiteTeamCountry "GER"]
[BlackTeamCountry "GER"]

1. e4 c5 2. Nf3 Nc6 3. d4 cxd4 4. Nxd4 d6 5. Nc3 Nf6 6. Be3 g6 7. f3 Bg7 8. Qd2 0-0 9. Bh6 Bxh6 10. Qxh6 Nxd4 11. 0-0-0 Nc6 12. g4 Ne5 13. Be2 Be6 14. h4 Qe8 15. h5 a5 16. Bb5 Bd7 17. Nd5 Nfxg4 18. fxg4 Nxg4 19. Qf4 Qd8 20. Bxd7 Qxd7 21. Nb6 Qe6 22. Nxa8 Rxa8 23. hxg6 fxg6 24. a3 Rf8 25. Qg3 Nf2 26. Qh4 Nxh1 27. Rxh1 Rf7 28. Qe1 Qe5 29. Qe3 h5 30. Re1 g5 31. Qh3 Qf4+ 32. Kb1 h4 33. Qc8+ Kg7 34. Qc3+ Qf6 35. Qxa5 g4 36. Qd2 Qf4 37. Qc3+ Rf6 38. Rh1 h3 39. Qe1 h2 40. Qe2 g3 41. Qg2 Qf2 42. Rxh2 Qxg2 43. Rxg2 Rf1+ 44. Ka2 Rf3 45. c3 Kg6 46. Kb3 Kg5 47. Kb4 Kh4 48. Rg1 Rf2 49. b3 Kh3 50. Rh1+ Rh2 51. Rg1 g2 52. Kb5 Rh1 53. Rxg2 Kxg2 54. Kb6 Rh3 55. b4 Rxc3 56. a4 Rc4 57. Ka5 Rxe4 58. Kb5 e5 59. a5 Rd4 60. Ka4 e4 61. Kb3 e3 62. Kc3 Rd1 63. Kc4 e2 64. Kb5 e1Q 65. Ka4 Qe8+ 66. Ka3 Rd3+ 67. Kb2 Qe2+ 68. Kc1 Rd1# 0-1

[Event "GER-chT School WK Girls"]
[Site "Playchess.com INT"]
[Date "2020.06.17"]
[Round "6.2"]
[White "Grundmann, Paula"]
[Black "Hartmann, Hannah"]
[Result "1-0"]
[WhiteElo "1620"]
[BlackElo "1427"]
[PlyCount "129"]
[EventDate "2020.06.10"]
[EventType "team-swiss (blitz)"]
[EventRounds "7"]
[EventCountry "GER"]
[SourceTitle "EXT 2021"]
[Source "ChessBase"]
[SourceDate "2020.10.23"]
[SourceVersion "1"]
[SourceVersionDate "2020.10.23"]
[SourceQuality "1"]
[WhiteTeam "Rostock Ecolea"]
[BlackTeam "Oppenheim Gymn"]
[WhiteTeamCountry "GER"]
[BlackTeamCountry "GER"]

1. e4 e5 2. Nf3 Nc6 3. Bc4 Bc5 4. d3 Nf6 5. Nc3 h6 6. 0-0 d6 7. Nd5 Nxd5 8. Bxd5 Bg4 9. h3 Bh5 10. Qe2 Nd4 11. Qd1 Nxf3+ 12. gxf3 Qg5+ 13. Bxg5 hxg5 14. Bxb7 Rb8 15. Bc6+ Ke7 16. Qc1 f6 17. Qd1 Bg6 18. Re1 Rxh3 19. Kg2 Rh4 20. Rh1 Rbh8 21. Rxh4 Rxh4 22. Qd2 Bh5 23. Rh1 Rxh1 24. Kxh1 Bxf3+ 25. Kh2 Bd4 26. b4 Bg4 27. Kg3 Bd7 28. Bxd7 Kxd7 29. c3 Bb6 30. a4 c6 31. a5 Bc7 32. d4 Ke6 33. dxe5 dxe5 34. Qd3 c5 35. bxc5 Bxa5 36. Qc4+ Kd7 37. Qb5+ Kc7 38. Qxa5+ Kc6 39. Qxa7 g6 40. Qb6+ Kd7 41. Qxf6 Kc7 42. c6 Kc8 43. Qf7 Kb8 44. c7+ Kc8 45. c4 Kb7 46. c8Q+ Kxc8 47. c5 g4 48. Kxg4 g5 49. Kh5 Kd8 50. c6 g4 51. c7+ Kc8 52. Qe8+ Kxc7 53. Kxg4 Kd6 54. Qg6+ Kc5 55. Qf5 Kd4 56. f4 exf4 57. Qxf4 Kc5 58. e5 Kc6 59. e6 Kd5 60. e7 Ke6 61. e8Q+ Kd5 62. Qee5+ Kc6 63. Qc4+ Kd7 64. Qee6+ Kd8 65. Qcc8# 1-0

[Event "GER-chT School WK Girls"]
[Site "Playchess.com INT"]
[Date "2020.06.10"]
[Round "3.2"]
[White "Hartmann, Hannah"]
[Black "Finkler, Noemie"]
[Result "1-0"]
[WhiteElo "1427"]
[BlackElo "1237"]
[PlyCount "33"]
[EventDate "2020.06.10"]
[EventType "team-swiss (blitz)"]
[EventRounds "7"]
[EventCountry "GER"]
[SourceTitle "EXT 2021"]
[Source "ChessBase"]
[SourceDate "2020.10.23"]
[SourceVersion "1"]
[SourceVersionDate "2020.10.23"]
[SourceQuality "1"]
[WhiteTeam "Oppenheim Gymn"]
[BlackTeam "Ottweiler Gymn"]
[WhiteTeamCountry "GER"]
[BlackTeamCountry "GER"]

1. e4 e5 2. Nf3 Be7 3. Nxe5 Nf6 4. Nc3 0-0 5. Bc4 Nxe4 6. Nxe4 d6 7. Nxf7 Rxf7 8. Bxf7+ Kxf7 9. 0-0 c5 10. d4 Qa5 11. dxc5 dxc5 12. Bd2 Qa6 13. Bg5 Bd6 14. Nxd6+ Kf8 15. Qf3+ Kg8 16. Qf7+ Kh8 17. Qf8# 1-0